A mitologia grega de A a Z (Record no. 16470)

MARC details
000 -Etiqueta do registo
Valores 00415nam a2200145 4500
010 ## - Número ISBN
ISBN 978989576339
100 ## - Dados gerais de processamento
Dados gerais 20260206 pory50
200 ## - Titulo e menção de responsabilidade
Título próprio A mitologia grega de A a Z
Primeira menção de responsabilidade Luc Ferry
Outras menções de responsabilidade trad. Joana Baudouin
210 ## - Publicação
Local de publicação Lisboa
Nome do editor Guerra e Paz
Data de publicação 2026
215 ## - Descrição física 
Paginação / Volumes 330 p.
Dimensões 23 cm
304 ## - Nota relativa ao título
Texto de nota Tit. orig." La Mythologie de A a Z pour les Nuls"
801 ## - Fonte de origem
País PT
Agência BMA
Regras de catalogação RPC
990 ## - Elementos KOHA
Tipo de documento Livro
Holdings
Situação do levantamento Estado Biblioteca de origem Código de barras Cota Permissão de empréstimo Tipo de documento Forma de aquisição
    Biblioteca Municipal do Alandroal 18525/26 292 FER   Livro Oferta

Powered by Koha